000 00356 a2200109 4500
001 ART_39040
005 20260410161804.0
008 260409a
245 1 0 _aConsultorio jurídico contable sobre el tratamiento del fideicomiso
100 1 _aPapa, Rodolfo G.
773 0 _tDoctrina Societaria y Concursal
_g- Nº 319 (jun. 2014)
_wREV4298
999 _c20864
_d20864